000 00358nam a2200133Ia 4500
008 190216s9999||||xx |||||||||||||| ||und||
100 _aAlbert Paul Malvino And Jerald A. Brown
245 0 _aDigital Computer Electronics
250 _a3rd Ed.
260 _bTata Mcgraw Hill Publishing Company Ltd
_c1997
300 _a522
650 _aPhysics
942 _cBK
999 _c33348
_d33348